000 00494nam a2200169Ia 4500
005 20250923144725.0
008 008 250917s9999 xx 000 0 eng d
037 _aTextual
040 _aDSWL
_beng
_cDSWL
041 _aeng
_2eng
084 _aYX
_qDSWL
245 0 _aChanging toward the disabled proceedings of the 6th world congress
_cby I.S.W.C
260 _aLondon
_bCentral Council for the cripples
_c1954
300 _a288p.
942 _cTEXL
_hYX
999 _c1442510
_d1442510